| 000 | 00637nam a2200181 a 4500 | ||
|---|---|---|---|
| 001 | 000029090 | ||
| 005 | 20200930055327.0 | ||
| 008 | 110413s2006 dr 000 0 spa d | ||
| 040 |
_aDO-SdBNP _bspa _cBNPHU |
||
| 100 | 1 |
_aSalcedo, Samuel _955992 |
|
| 245 | 1 | 0 | _aPenurias de un enamorado. |
| 250 | _a3a ed. | ||
| 260 |
_aSan Francisco de Macorís, República Dominicana /, _cSamuel Salcedo ; prólogo José Miguel García _aSanto Domingo : _bImpresora del Nordeste, _c2006. |
||
| 300 |
_a38 p. ; _c21 cm. |
||
| 500 | _aIncluye datos biográficos del autor en la solapa | ||
| 700 | 1 |
_aGarcía, José Miguel _epról. _955993 |
|
| 049 | _aBNPD | ||
| 999 |
_c28582 _d28582 |
||